00611nam a2200181 a 450000100100000000500170001000800410002702000150006802000270008302000270011010000220013724500910015926000410025030000240029150500690031570000320038404000130041600003443220200930073709.0111004s1998 sp a g e 000 0 spa d a8471836742 a8471836750 (volumen 1) a8471836769 (volumen 2)1 aIngram, Christine13aLa gran enciclopedia de las verduras /cChristine Ingram; traducción Ana Maria Gill. aBarcelona :bEdiciones Hymsa,c1998. a2 v. :bil., 28 cm.0 gv.1tPropiedades de las verdurasgv.2tLas verduras en la cocina12aGill, Ana Mariaetraductora aDO-SdBNP